Legende des siecles / (Record no. 81410)

MARC details
000 -LEADER
campo de control de longitud fija 00571nam a2200205 i 4500
001 - NÚMERO DE CONTROL
campo de control 81410
003 - IDENTIFICADOR DE NÚMERO DE CONTROL
campo de control ES-MaACL
005 - FECHA Y HORA DE LA ÚLTIMA TRANSACCIÓN
campo de control 20250716062621.0
007 - CAMPO FIJO DE DESCRIPCIÓN FÍSICA--INFORMACIÓN GENERAL
campo de control de longitud fija t|
008 - DATOS DE LONGITUD FIJA--INFORMACIÓN GENERAL
campo de control de longitud fija 041104s1920 fr ||||1| fre d
100 1# - ENTRADA PRINCIPAL--NOMBRE DE PERSONA
Nombre de persona Hugo, Victor,
Fechas asociadas al nombre 1802-1885
9 (RLIN) 64627
245 10 - MENCIÓN DEL TÍTULO
Título Legende des siecles /
Mención de responsabilidad, etc. Victor Hugo ; publiée par Paul Berret.
250 ## - MENCION DE EDICION
Mención de edición Nouvelle ed.
260 ## - PUBLICACIÓN, DISTRIBUCIÓN, ETC.
Lugar de publicación, distribución, etc. Paris :
Nombre del editor, distribuidor, etc. [s.n.,
Fecha de publicación, distribución, etc. 1920] (
Lugar de fabricación/manufactura Chartres :
Fabricante Durand)
300 ## - DESCRIPCIÓN FÍSICA
Extensión 1 v. ;
Dimensiones 23 cm.
500 ## - NOTA GENERAL
Nota general Es el t.2.
700 1# - ENTRADA AGREGADA--NOMBRE PERSONAL
Nombre de persona Berret, Paul.
9 (RLIN) 28372
852 ## - LOCALIZACIÓN
Ubicación ES-MaACL
Número de control de estantería G-13853
Holdings
Estatus retirado Estado de pérdida Estado de daño No para préstamo Biblioteca de origen Biblioteca actual Ubicación en estantería Fecha de adquisición Fuente de adquisición Total de préstamos Signatura topográfica completa Código de barras Visto por última vez Precio de reemplazo Tipo de ítem Koha
        Biblioteca del Ateneo de Madrid Biblioteca del Ateneo de Madrid Sala Pecera Planta 3 17/01/2008     G-13853 1085102 23/02/2023 23/02/2023 Libro impreso